000
00295nam a22001457a 4500
020
_a
978-93-5316-633-5
041
_a
ENG
100
_a
Rsttan.S.S
245
_a
Thery of Machines
250
_a
1 Edition
260
_a
Delhi
_b
Mc Graw Hill
_c
2019
300
_a
862
650
_a
FMP
856
_u
FMP
999
_c
55
_d
55